000 00323nam a2200133 4500
999 _c507887
_d507887
008 190228b ||||| |||| 00| 0 eng d
100 _aSingh, K.M.
_92704
245 _aTreating animals as living entities
260 _c2018
300 _ap.94-101.
773 _aDialogue
906 _aAnimal welfare
942 _2ddc
_cAR